Introduction to Singal and Systems and Digital Signal Processing (Record no. 8789)

000 -LEADER
fixed length control field 00549 a2200157 4500
020 ## - INTERNATIONAL STANDARD BOOK NUMBER
International Standard Book Number 8120327780
040 ## - CATALOGING SOURCE
Original cataloging agency DLC
Language of cataloging DLC
082 ## - DEWEY DECIMAL CLASSIFICATION NUMBER
Classification number 621.3822 BAN
100 ## - MAIN ENTRY--PERSONAL NAME
Personal name Bandyopadhyay, M.N.
245 ## - TITLE STATEMENT
Title Introduction to Singal and Systems and Digital Signal Processing
Statement of responsibility, etc. Bandyopadhyay, M.N.
260 ## - PUBLICATION, DISTRIBUTION, ETC.
Place of publication, distribution, etc. New Delhi :
Name of publisher, distributor, etc. Prentice Hall,
Date of publication, distribution, etc. 2005
300 ## - PHYSICAL DESCRIPTION
Extent xii, 383p. :
Other physical details ill. ;
Dimensions 25 cm.
500 ## - GENERAL NOTE
General note Includes Index
650 ## - SUBJECT ADDED ENTRY--TOPICAL TERM
Topical term or geographic name entry element 1.Signal processing --- Mathematicalmodels. 2.Transformatio(mathematical).3. System Aanalysis.
942 ## - ADDED ENTRY ELEMENTS (KOHA)
Koha item type Book
Call number prefix 621.3822 BAN
Source of classification or shelving scheme
Holdings
Withdrawn status Lost status Damaged status Not for loan Collection code Permanent Location Current Location Shelving location Date acquired Source of acquisition Cost, normal purchase price Total Checkouts Full call number Barcode Date last seen Price effective from Koha item type
          Central Library (CL) Central Library (CL) General Stacks 03/01/2006 Allied Book Company 357.75   621.3822 BAN SEECS007045 11/14/2012 01/05/2017 Book
© 2023 Central Library, National University of Sciences and Technology. All Rights Reserved.